Elements named after Famous People - Statistics

General Stats
  • This quiz has been taken 12 times
  • The average score is 8 of 14
Answer Stats
# Elements % Correct
99 Einsteinium
100%
104 Rutherfordium
92%
107 Bohrium
83%
96 Curium
83%
100 Fermium
75%
101 Mendelevium
75%
102 Nobelium
67%
103 Lawrencium
50%
109 Meitnerium
42%
106 Seaborgium
42%
111 Roentgenium
33%
118 Oganesson
25%
114 Flerovium
17%
64 Gadolinium
8%
No matching quizzes found
Score Distribution
Percent of People with Each Score
Percentile by Number Answered
Your Score History
You have not taken this quiz